Insights and practices of grade 6 SIS on the uses of the internet school year 1997-1998. (Record no. 96132)
[ view plain ]
| 000 -LEADER | |
|---|---|
| fixed length control field | 00326nam a2200109 a 4500 |
| 005 - DATE AND TIME OF LATEST TRANSACTION | |
| control field | 20140408090009.0 |
| 008 - FIXED-LENGTH DATA ELEMENTS--GENERAL INFORMATION | |
| fixed length control field | 021114s19uu xx 00 eng d |
| 050 ## - LIBRARY OF CONGRESS CALL NUMBER | |
| Classification number | PGS '98 |
| Item number | SIS #28 |
| 100 ## - MAIN ENTRY--PERSONAL NAME | |
| Personal name | Sison, Mara P |
| 245 ## - TITLE STATEMENT | |
| Title | Insights and practices of grade 6 SIS on the uses of the internet school year 1997-1998. |
| 942 ## - ADDED ENTRY ELEMENTS (KOHA) | |
| Koha item type | PASS |
| Withdrawn status | Lost status | Damaged status | Home library | Current library | Shelving location | Date acquired | Source of acquisition | Total Checkouts | Full call number | Barcode | Date last seen | Price effective from | Koha item type |
|---|---|---|---|---|---|---|---|---|---|---|---|---|---|
| Luxembourg Library | Luxembourg Library | Portfolio Assessment of SISC Students Section | 11/14/2002 | PGS '98 SIS #28 | P0044 | 08/10/2015 | 04/08/2014 | PASS |